| 000 | 00731nam a22002177a 4500 | ||
|---|---|---|---|
| 003 | OSt | ||
| 005 | 20250826082646.0 | ||
| 008 | 250826b |||||||| |||| 00| 0 eng d | ||
| 020 | _a0-521-60119-3 | ||
| 040 |
_aDWCL-Main lib _cOC |
||
| 082 |
_23rd _aCirc. 418.0071 M248 2005 |
||
| 100 | _aAlan Maley | ||
| 245 |
_aDrama techniques : _ba resource book of communication activities for language teachers, 3rd ed. _cAlan Maley |
||
| 250 | _a3rd | ||
| 260 |
_aNew York : _bCambridge University Press, _cc2005 |
||
| 300 |
_ax, 246 p. _c23 cm. |
||
| 504 | _aIncludes bibliographical references and index | ||
| 650 | _a1. Drama in education | ||
| 650 | _a2. Languages, modern-study and teaching | ||
| 942 |
_2ddc _cBK-CIRC _e3rd _kCirc. _n0 |
||
| 999 |
_c4286 _d4286 |
||